Регионална библиотека "Любен Каравелов" - Русе

СЪВЕТСКАТА литература в България 1918 - 1944 (Запис номер 342813)

MARC детайли
000 -Лидер
Контролно поле с фиксирана дължина 01204nam a2200301 c 4500
003 - Код на организацията, давaща контролен номер
Контролно поле BLK
005 - Дата и час на последна редакция
Контролно поле 20190913121210.0
008 - Елементи от данни с фиксирана дължина
fixed length control field 180911b bul|||||r ||||||| ||bul||
010 ## - Наследен системен номер
LC control number 002473
040 ## - Източник на каталожния запис
Идентификатор на билиотеката - собственик на записа BLK
041 ## - Код за език
Код за езика на текст/звукозапис или на отделно заглавие Български
080 ## - УДК
УДК - код + определител 882.09886.7.09
100 1# - Редна дума - Автор
Автор
Авторска отговорност първи автор
245 10 - Сведения за заглавието
Заглавие СЪВЕТСКАТА литература в България 1918 - 1944
Том Т. 3
246 ## - Различни форми на заглавието
Паралелно заглавие Т. 3
Подзаглавни данни СЪВЕТСКАТА литература в България 1918 - 1944
Текст за показване Сборник от материали, спомени и документи
260 ## - Област на издателските данни
Място на издаване, разпространение и проч. София
Име на издателя, разпространителя и проч. БАН
Година на издаване 1969 -
300 ## - Физическа характеристика
Страници 320 с
Размери/Мащаб 24 см
380 ## - Жанр
Жанр Литературознание
490 ## - СЕРИИ (Колекции)
Име на серия Частна колекция - Академик Михаил Арнаудов
Бележки за серията Дарение - Основен фонд
505 ## - Форматирана забележка
Заглавие Сборник от материали, спомени и документи
650 ## - Допълнително описание по предмет – тема
Основно описание – тема или топоним Критика
655 ## - Ключова дума – жанр/разновидност
Данни за жанр/разновидност или ключова дума за фокус българско литературознание
700 1# - Други автори (авторска отговорност)
Лично име Стойко Божков
Автороска отговорност (Описва отношението между автора и произведението) Състав. и ред.
700 1# - Други автори (авторска отговорност)
Лично име Стоян Стоименов
700 1# - Други автори (авторска отговорност)
Лично име Христо Дудевски
852 ## - Местоположение
Форматна сигнатура МА 1377
942 ## - АРТИКУЛИ
Вид на библиотечния материал Книги
Скрит в OPAC Не
944 ## - СЪЗДАВАНЕ И РЕДАКЦИЯ на ЗАПИСА
Създаване/Редакция Създаване
Дата на регистрацията/редакция 1996
Служител, извършил регистрацията/редакцията ValK
999 ## - СИСТЕМНИ КОНТРОЛНИ НОМЕРА
Koha biblionumber 342813
Koha biblioitemnumber 342813
Наличности
Код за отписване Код за изгубен артикул Източник на класификационната схема Код за повреда Коз за рестрикции Код за отдаване Артикулен № Име на библиотеката - собственик Име на библиотеката, в която се намира в момента Статус (Текущо местоположение) Местоположение - отдел Цена в лева Номерация (Хронология) Инвентарен номер Систематично азбучна сигнатура Баркод Номер на екземпляра Цена в евро Служебен тип на артикула
  Не е изгубен Universal Decimal Classification Не е повреден без рестрикции Специални фондове ( старопечатни, редки и ценни, фонд М. Арнаудов) 742953 Регионална библиотека "Любен Каравелов" Русе Регионална библиотека "Любен Каравелов" Русе Фонд "Михаил Арнаудов" Фонд "Михаил Арнаудов" 3.50   588779 МА 1377 120000588779 1 1.79 Книги
Vip Innovations Ltd, Rousse, Bulgaria 2025